000 00676nam a2200169Ia 4500
008 090711s9999 xx 000 0 und d
082 _b79720
100 _aसावंत वसंत
245 _aमाझ्या दारातले सोनSााफ्याSो झाड
260 _bपॉप्युलर प्रकाशन
_c1993
300 _a76
600 _aसावंत वसंत
630 _aमाझ्या दारातले सोनSााफ्याSो झाड
700 _aसावंत वसंत
730 _aमाझ्या दारातले सोनSााफ्याSो झाड
942 _cBOOK
999 _c331191
_d331191